000 00414nam a22001457a 4500
999 _c7857
_d7857
003 OSt
005 20200527105002.0
008 200527b ||||| |||| 00| 0 eng d
020 _a9781856178273
082 _a307.1216
100 _aCarmona, Matthew; Carmona, Matthew; Heath, Tim
245 _aPublic places, urban spaces/
_bthe dimensions of urban design
260 _aUSA
_bArchitectural Press
_c2010
942 _2ddc